000 00731nam a2200157Ia 4500
005 20240805004551.0
008 240331s9999 xx 000 0 und d
020 _a8121203368
082 _bAGG
_a376
100 _aAggarwal, S
245 0 _aThree language formula :
_ban educational problem
260 _aNew Delhi
_bGian Publishing House
_c1991
300 _aviii, 326 p .,
500 _aSince language is the foundation of all learning, the planning for teaching languages demands not only a scholarly but psychological approach, too. though the three languages formula is an official language policy of the government of India, yet the fact cannot be denied that its impact of the general public should be assessed
942 _cL
999 _c2974
_d2974